Statistics for Most Popular Types of Cheese

Click here to take the quiz!

General Stats

  • This quiz has been taken 29,649 times
  • The average score is 9 of 25

Answer Stats

#OriginCheese% Correct
2,810EnglandCheddar
95%
1,490ItalyMozzarella
77%
1,380FranceBrie
67%
2,660ItalyParmesan
65%
1,700United StatesSwiss
65%
1,420GreeceFeta
59%
1,240NetherlandsGouda
58%
431FranceCamembert
39%
458EnglandStilton
31%
1,140ItalyGorgonzola
31%
400ItalyProvolone
28%
8,220EnglandCream
25%
1,700United StatesPepper Jack
25%
693ItalyRicotta
23%
575United StatesMonterey Jack
23%
1,250SwitzerlandGruyère
22%
557United StatesColby
22%
2,110UnknownCottage
22%
1,500ItalyRomano
21%
358FranceMuenster
21%
387FranceRoquefort
20%
324DenmarkHavarti
16%
718SpainManchego
15%
1,320ItalyAsiago
12%
1,230ItalyMascarpone
11%

Score Distribution

Percentile by Number Answered

Percent of People with Each Score

Your Score History

You have not taken this quiz